Tributación de comunidades de bienes, sociedades civiles y otros entes asimilados / autor: Carlos E. García López Carlos E. García López
ISBN:
84-8235-001-3
Descripción Física:
310 p. ; 24 cm
Colección:
Monografías fiscales ; 12
MARC
| LEADER | 00000nam a2200000Ia 4500 | ||
|---|---|---|---|
| 001 | 18463 | ||
| 008 | 160829s1994 xx 000 0 cat d | ||
| 020 | |a 84-8235-001-3 | ||
| 080 | |a M-5-334 | ||
| 100 | |a García López, Carlos E. |9 40045 | ||
| 245 | |a Tributación de comunidades de bienes, sociedades civiles y otros entes asimilados / autor: |b Carlos E. García López | ||
| 260 | |a Valencia : |b CISS, |c 1994 | ||
| 300 | |a 310 p. ; |c 24 cm | ||
| 490 | |a Monografías fiscales ; 12 | ||
| 650 | 0 | |a Societats |x Impostos |z Espanya |9 40046 | |
| 650 | |a Béns comunals |x Espanya |9 40047 | ||
| 901 | |a Arxiu | ||
| 942 | |n 1 | ||
| 952 | |0 0 |1 0 |4 0 |6 M5334 |7 1 |9 49386 |a Arxiu |b Arxiu |d 2016-12-01 |l 0 |o M-5-334 |p 18463 |r 2016-12-01 00:00:00 |w 2016-12-01 |y ARXIU | ||
| 999 | |c 53228 |d 53228 | ||